[Event "16th Mikhail Chigorin Memorial"]
[Site "Sochi URS"]
[Date "1982.12.15"]
[Round "11"]
[White "Semkov, Semko"]
[Black "Geller, Efim"]
[WhiteElo "2375"]
[BlackElo "2565"]
[Result "1/2-1/2"]
[EventDate "1982.12.01"]
[PlyCount "83"]

1. d4 Nf6 2. c4 e6 3. Nc3 Bb4 4. e3 O-O 5. Bd3 c5 6. Nge2 d5 7. a3 Bxc3+ 8. Nxc3 cxd4 9. exd4 dxc4 10. Bxc4 Nc6 11. Be3 b6 12. O-O Bb7 13. Qd3 Qd6 14. f3 Rac8 15. Rad1 Ne7 16. Bf2 Nfd5 17. Bg3 Qd7 18. Bb5 Bc6 19. Ba6 Bb7 20. Bb5 Bc6 21. Ba6 Rcd8 22. Rfe1 Nf5 23. Bf2 Nd6 24. Bh4 Ra8 25. Bg3 Rfd8 26. Bc4 Nxc4 27. Qxc4 Rac8 28. Nxd5 Bxd5 29. Qd3 Rc4 30. Rc1 Rdc8 31. Bf4 f6 32. Rxc4 Bxc4 33. Qc3 Rc6 34. Rc1 Bb5 35. Qb4 a5 36. Qd2 Rxc1+ 37. Qxc1 Qxd4+ 38. Be3 Qd6 39. Qc8+ Kf7 40. Qb7+ Kg6 41. Qe4+ Kf7 42. Qd4 1/2-1/2

[Event "16th Mikhail Chigorin Memorial"]
[Site "Sochi URS"]
[Date "1982.12.18"]
[Round "13"]
[White "Dvoirys, Semen"]
[Black "Chandler, Murray"]
[WhiteElo "2470"]
[BlackElo "2505"]
[Result "1-0"]
[EventDate "1982.12.01"]
[PlyCount "133"]

1. e4 c5 2. Nf3 d6 3. d4 Nf6 4. dxc5 Qa5+ 5. Bd2 Qxc5 6. Nc3 g6 7. Bd3 Bg7 8. b4 Qc7 9. h3 a6 10. O-O O-O 11. Rb1 e6 12. a4 b6 13. Qe2 Bb7 14. e5 dxe5 15. Qxe5 Rc8 16. Qxc7 Rxc7 17. Ne5 Nbd7 18. Nc4 Bf8 19. Nd1 Rac8 20. Nde3 Nh5 21. Rfd1 f5 22. Be1 Nhf6 23. f4 Nh5 24. g3 Bc6 25. Na3 Bb7 26. Bc4 Kf7 27. Bb3 Nhf6 28. Kh2 Ne4 29. Rd3 Bg7 30. Rbd1 Nf8 31. Nac4 b5 32. Nb6 Re8 33. g4 Ke7 34. axb5 axb5 35. c4 Bc6 36. c5 Rb8 37. Bh4+ g5 38. fxg5 Be5+ 39. Kg1 Ng6 40. Be1 Nf4 41. gxf5 Nxg5 42. Bh4 Nfxh3+ 43. Kf1 Ke8 44. fxe6 Rg7 45. Nf5 Rg6 46. Nd7 Be4 47. Nxb8 Bxd3+ 48. Rxd3 Rf6 49. Nc6 Rxf5+ 50. Ke1 Bf6 51. Bxg5 Nxg5 52. e7 Bxe7 53. Re3 Kd7 54. Nxe7 Rf3 55. Nd5 Rxe3+ 56. Nxe3 Nf3+ 57. Kf2 Ne5 58. Nd5 Kc6 59. Ke3 h5 60. Nc3 h4 61. Bd5+ Kd7 62. Nxb5 h3 63. Nd4 h2 64. b5 Kc7 65. b6+ Kc8 66. b7+ Kc7 67. Ne6+ 1-0

[Event "16th Mikhail Chigorin Memorial"]
[Site "Sochi URS"]
[Date "1982.12.21"]
[Round "15"]
[White "Dvoirys, Semen"]
[Black "Averkin, Orest"]
[WhiteElo "2470"]
[BlackElo "2450"]
[Result "1-0"]
[EventDate "1982.12.01"]
[PlyCount "61"]

1. d4 Nf6 2. c4 e6 3. Nc3 Bb4 4. e3 c5 5. Nge2 cxd4 6. exd4 d5 7. c5 a5 8. a3 Bxc3+ 9. Nxc3 b6 10. Bf4 bxc5 11. dxc5 O-O 12. Bd6 Re8 13. Be2 Nc6 14. O-O Bd7 15. Rb1 e5 16. f4 exf4 17. Rxf4 d4 18. Nb5 Nd5 19. Rf2 Ne3 20. Qd2 Bf5 21. Rc1 Be4 22. Nc7 a4 23. Nxe8 Qxe8 24. Bb5 f5 25. Re1 Qg6 26. Bxc6 Bxc6 27. Bf4 Rf8 28. Bxe3 dxe3 29. Qxe3 Be4 30. Qd4 Qc6 31. Rxe4 1-0